Statistics for Former Professional Sports Teams

Click here to take the quiz!

General Stats

  • This quiz has been taken 37 times
    (27 since last reset)
  • The average score is 11 of 34

Answer Stats

Answer% Correct
Hartford Whalers
86%
Montreal Expos
71%
Houston Oilers
67%
Atlanta Thrashers
67%
Seattle SuperSonics
67%
Minnesota North Stars
62%
Quebec Nordiques
52%
New Orleans Hornets
48%
Oklahoma City Hornets
48%
Washington Senators
48%
Buffalo Braves
43%
California Golden Seals
38%
Baltimore Bullets
38%
Washington Bullets
38%
Kansas City Scouts
33%
Cleveland Barons
29%
Seattle Pilots
29%
Syracuse Nationals
29%
New York Titans
29%
Colorado Rockies
24%
Cincinnati Royals
24%
Charlotte Bobcats
24%
Chivas USA
19%
Dallas Texans
19%
Vancouver Grizzlies
19%
New York/New Jersey MetroStars
14%
Dallas Burn
10%
San Jose Clash
10%
Tampa Bay Mutiny
10%
Miami Fusion
10%
St. Louis Cardinals
10%
Houston Colt 45s
5%
Chicago Zephyrs
5%
Kansas City Wizards
5%

Score Distribution

Percentile by Number Answered

Percent of People with Each Score

Your Score History

You have not taken this quiz since the last reset